[Event "Manitoba-ch U20"]
[Site "Winnipeg"]
[Date "2011.11.20"]
[Round "3"]
[White "Wolchock, Theo"]
[Black "Schwartz, Leah"]
[Result "1-0"]
[WhiteElo "1669"]
[BlackElo "1241"]
[PlyCount "91"]
[EventDate "2011.11.19"]
[EventType "swiss"]
[EventRounds "4"]
[EventCountry "CAN"]
[SourceTitle "EXT 2022"]
[Source "ChessBase"]
[SourceDate "2021.10.06"]
[SourceVersion "1"]
[SourceVersionDate "2021.10.06"]
[SourceQuality "1"]

1. c4 c5 2. g3 g6 3. Bg2 Bg7 4. Nc3 Nc6 5. e3 e5 6. Nge2 Nge7 7. 0-0 0-0 8. a3 d6 9. d3 Be6 10. Qc2 Qd7 11. Rd1 Rab8 12. b3 a6 13. Bb2 b5 14. cxb5 axb5 15. Na2 Rfe8 16. d4 exd4 17. exd4 c4 18. b4 d5 19. Re1 Nf5 20. Rad1 Nd6 21. Nac3 Re7 22. Nxd5 Bxd5 23. Bxd5 Qf5 24. Qxf5 Nxf5 25. Bxc6 Rc7 26. Bg2 Rd8 27. Bc3 Re7 28. d5 Bxc3 29. Nxc3 Red7 30. Nxb5 Nd6 31. Nxd6 Rxd6 32. Rc1 Rc8 33. Rc3 Rd7 34. Rec1 Rdc7 35. d6 Rd7 36. Rxc4 Rxc4 37. Rxc4 Rxd6 38. b5 Rb6 39. Rb4 Kf8 40. a4 Ke7 41. a5 Rb7 42. Bxb7 Kd7 43. a6 Kc7 44. b6+ Kb8 45. Rc4 f5 46. Rc8# 1-0

[Event "Winnipeg TNT July op"]
[Site "Winnipeg"]
[Date "2011.07.12"]
[Round "2"]
[White "Schwartz, Leah"]
[Black "Milord, Frank"]
[Result "0-1"]
[WhiteElo "1319"]
[BlackElo "1662"]
[PlyCount "44"]
[EventDate "2011.07.05"]
[EventType "swiss"]
[EventRounds "4"]
[EventCountry "CAN"]
[SourceTitle "EXT 2022"]
[Source "ChessBase"]
[SourceDate "2021.10.06"]
[SourceVersion "1"]
[SourceVersionDate "2021.10.06"]
[SourceQuality "1"]

1. e4 c5 2. Nf3 Nc6 3. g3 d6 4. Bg2 Nf6 5. Nc3 Bg4 6. h3 Bh5 7. 0-0 h6 8. g4 Bg6 9. d4 cxd4 10. Nxd4 Rc8 11. Qe2 Nxd4 12. Qd1 Nc6 13. g5 hxg5 14. Bxg5 e6 15. Nb5 a6 16. Nxd6+ Qxd6 17. Qxd6 Bxd6 18. Rad1 Bc5 19. c3 Nxe4 20. Bxe4 Bxe4 21. a3 Rxh3 22. Rfe1 Rh1# 0-1

[Event "Winnipeg TNT June op"]
[Site "Winnipeg"]
[Date "2011.06.28"]
[Round "4"]
[White "Schwartz, Leah"]
[Black "Wolchock, Joe"]
[Result "1-0"]
[WhiteElo "1251"]
[BlackElo "1323"]
[PlyCount "87"]
[EventDate "2011.06.07"]
[EventType "swiss"]
[EventRounds "4"]
[EventCountry "CAN"]
[SourceTitle "EXT 2022"]
[Source "ChessBase"]
[SourceDate "2021.10.06"]
[SourceVersion "1"]
[SourceVersionDate "2021.10.06"]
[SourceQuality "1"]

1. e4 e5 2. Nf3 Nf6 3. Nc3 Nc6 4. g3 Bb4 5. Nd5 0-0 6. Nxf6+ Qxf6 7. Bg2 d6 8. 0-0 Bg4 9. h3 Be6 10. d3 Bc5 11. Bg5 Qg6 12. Qd2 Bb4 13. c3 Bc5 14. Nh4 Qh5 15. Bf3 Qxg5 16. Qxg5 Bxh3 17. Bg2 f6 18. Qd2 Bxg2 19. Nxg2 Rae8 20. d4 exd4 21. Rae1 Re5 22. f4 Re6 23. f5 Re5 24. Qc2 dxc3+ 25. Kh1 cxb2 26. Qb3+ Kh8 27. Qxb2 h6 28. Qxb7 Nb4 29. a4 Nd3 30. Re2 Bd4 31. Qxc7 Nf2+ 32. Kh2 Nxe4 33. Qc4 Nd2 34. Rxd2 Re4 35. Rxd4 Rxd4 36. Qxd4 a6 37. Qxd6 Rf7 38. Nh4 g5 39. Ng6+ Kh7 40. Re1 h5 41. Re7 Rxe7 42. Qxe7+ Kh6 43. Qf8+ Kh7 44. Qh8# 1-0